Problem solving and structured programming in FORTRAN

Salvato in:
Dettagli Bibliografici
Autore principale: Friedman, Frank L.
Altri autori: Koffman, Elliot B.
Natura: Libro
Lingua:inglese
Pubblicazione: Reading Addison-Wesley Publ. Co. 1981
Edizione:2. ed.
Serie:Addison-Wesley series in computer science and information processing
Tags: Aggiungi Tag
Nessun Tag, puoi essere il primo ad aggiungerne!!

MARC

LEADER 00000nam a2200000 4500
001 c119835
005 20041019155215.2
041 0 |a eng 
044 |a US 
245 1 0 |a Problem solving and structured programming in FORTRAN  |c Frank L. Friedman, Elliot B. Koffman 
250 |a 2. ed. 
264 1 |a Reading  |b Addison-Wesley Publ. Co.  |c 1981 
300 |a 473 s. 
490 1 |a Addison-Wesley series in computer science and information processing 
830 0 |a Addison-Wesley series in computer science and information processing 
100 1 |a Friedman, Frank L. 
700 1 |a Koffman, Elliot B.